Panas salju
| Main Author: | |
|---|---|
| Format: | Book |
| Published: |
Kuala Lumpur :
Utusan Publication & Distributor ,
1996
|
| Subjects: |
MARC
| LEADER | 00000cam a2200000 7i4500 | ||
|---|---|---|---|
| 001 | 0000011317 | ||
| 005 | 20160330.0 | ||
| 008 | 071112 | ||
| 020 | |a 9676105805 | ||
| 090 | 0 | 0 | |a TAL |b MAL (8810) |
| 100 | 0 | |a Talib Samat | |
| 245 | 1 | 0 | |a Panas salju |c Talib Samat |
| 260 | |a Kuala Lumpur : |b Utusan Publication & Distributor , |c 1996 | ||
| 500 | |a Teenager ages 13-18 years old (blue) | ||
| 650 | 0 | |a Malay fiction | |
| 650 | 0 | |a Novel | |
| 999 | |a 0001001520 |b Book |c Teenagers |e Perbadanan Perpustakaan Awam Johor | ||
| 999 | |a 0001001521 |b Book |c Teenagers |e Perbadanan Perpustakaan Awam Johor | ||